000 00531nam a2200169 4500
999 _c372367
_d372367
008 230414b ||||| |||| 00| 0 eng d
040 _aDE-2950
_bger
_cDE-2950
_erda
245 _aEin Blick über Brandenburgs neuzeitliche Schlösserlandschaft./
_cSibylle Badstübner-Gröger
264 _c2023
653 _aBrandenburg
653 _aSchloss
773 _gJahrbuch für die Geschichte Mittel- und Ostdeutschlands, Bd. 67, Heft 1, S. 3-50
942 _cA